000 01758nam a2200337Ia 4500
001 ebr10347041
003 CaPaEBR
006 m u
007 cr cn|||||||||
008 090819s2009 dcuab sb f000 0 eng d
020 _z0309141036
020 _z9780309141031
040 _aCaPaEBR
_cCaPaEBR
035 _a(OCoLC)631565928
050 1 4 _aHT393.L8
_bN38 2009eb
110 2 _aNational Research Council (U.S.).
_bCommittee on the Review of the Louisiana Coastal Protection and Restoration (LACPR) Program.
245 1 0 _aFinal report from the NRC Committee on the Review of the Louisiana Coastal Protection and Restoration (LACPR) Program
_h[electronic resource] /
_cCommittee on the Review of the Louisiana Coastal Protection and Restoration (LACPR) Program, Water Science and Technology Board, Ocean Studies Board, Division on Earth and Life Studies, National Research Council of the National Academies.
260 _aWashington, D.C. :
_bNational Academies Press,
_cc2009.
300 _aviii, 57 p. :
_bcol. ill., col. maps.
504 _aIncludes bibliographical references (p. 39-41).
533 _aElectronic reproduction.
_bPalo Alto, Calif. :
_cebrary,
_d2010.
_nAvailable via World Wide Web.
_nAccess may be limited to ebrary affiliated libraries.
650 0 _aCoastal zone management
_zLouisiana.
650 0 _aShore protection
_zLouisiana.
650 0 _aWetland restoration
_zLouisiana.
650 0 _aShorelines
_xMonitoring
_zLouisiana.
650 0 _aFlood control
_zLouisiana.
650 0 _aRestoration ecology
_zLouisiana.
655 7 _aElectronic books.
_2local
710 2 _aebrary, Inc.
856 4 0 _uhttp://site.ebrary.com/lib/rucke/Doc?id=10347041
_zAn electronic book accessible through the World Wide Web; click to view
999 _c33681
_d33681